00870nam a2200229Ia 4500003000900000008004100009020001800050040001600068080002100084245012000105260004600225300001500271490006100286650004100347650001400388650001900402700003000421700003600451942000700487999001700494952012900511IN-BaIIA211028s9999 xx 000 0 eng d a0-677-22150-9 cIIA Library a524.74(035)bGAL 0aGalaxies and cosmologycedited by V. M. Canuto and Bruce G. Elmegreen  aNew YorkbGordon and Breach Sciencec1988 avii, 885p. aHanbook of astronomy, astrophysics and geophysics; v. II aAstronomy and astrophysics thesaurus aCosmology aGalaxies91286 aCanuto, V. M., ed.917489 aElmegreen, Bruce G., ed.917490 cBK c10279d10279 00104070aBANbBANcGENd1991-12-26g4004.00l0o524.74(035)/ GALp11189r2021-11-05v4004.00w1991-12-26yBKGRs. 4004.00